| 000 | 00671nam a22002177a 4500 | ||
|---|---|---|---|
| 005 | 20230512222229.0 | ||
| 008 | 180601t xxu||||| |||| 00| 0 eng d | ||
| 020 | _a9789719651048 | ||
| 040 | _cCSPC | ||
| 082 | 0 |
_a899.2151 _bOr64p |
|
| 100 |
_aOrobia, S. M., _eauthor. |
||
| 245 | 0 | 0 |
_aNostalgia _cS.M. Orobia _bthe passion of love/ |
| 260 |
_aIriga City: _bOrby Home Publication, _c2015. |
||
| 300 |
_av, 101 pages: _c21 cm. |
||
| 546 | _aEnglish | ||
| 650 | 1 | 0 | _aBikol poetry. |
| 940 | _aLenie | ||
| 942 |
_cBOOK _jBKL 899.2151 Or64p 2015 |
||
| 999 |
_c5142 _d5142 |
||